000 00409nam a2200181Ia 4500
003 0STCL
008 150530s9999 xx 000 0 und d
040 _aSTCL
_cSTCL
100 _aAttur Krishnapisharadi
245 _aKeralasakunthalam
250 _a15
260 _bR.C.Bhattaraka; Trichur
_c1967
300 _a0
546 _aMalayalam
942 _2ddc
_cBK
999 _c48480
_d48480
005 20220125170744.0